01353nam a2200229 a 4500008004100000020001800041050001800059100002900077245008200106260003100188260003100219300003500250650001200285650002100297700002500318995015700343995017500500995015700675999001700832952013700849952013700986200805s2016 ||||||||||||||||| || u a9781138791886 aHF 5416.5 Pri aLiozu, Stephan M. Liozu10aPricing and the sales force cEdited by Andreas Hinterhuber; Stephan M. Liozu aNew York bRoutledgec2016 aNew York bRoutledgec2016 axv, 218 pages : illustrations  aPRICING aSALES MANAGEMENT aHinterhuber, Andreas aMAIN LIBRARY OPEN ACCESSD55.12e750170FCBU-MAIN LIBRARY (Kitwe)jHF 5416.5 PriM2UAVAILABLEWAug 7, 2020y750170ZMain Library Open Access Collection aKAPASA MAKASA LIBRARY OPEN ACCESSe750660FCBU-MAIN LIBRARY (Kitwe)I72.26jHF 5416.5 PriM3UAVAILABLEWJan 15, 2021y750660ZKapasa Makasa Library Open Acess Collection aMAIN LIBRARY OPEN ACCESSD55.12e750169FCBU-MAIN LIBRARY (Kitwe)jHF 5416.5 PriM1UAVAILABLEWAug 7, 2020y750169ZMain Library Open Access Collection c77058d77058 00102lcc4070a001b001cMain Library Open Access Collectiond2023-04-25l0oHF 5416.5 Prip750170r2023-04-25t1w2023-04-25y002 00102lcc4070a001b001cMain Library Open Access Collectiond2023-04-25l0oHF 5416.5 Prip750169r2023-04-25t3w2023-04-25y002